000 00580nam a2200205 a 4500
005 20140310183433.0
008 080114s19uu xx 00 eng d
020 _a0415327156
050 _aHF 5429
_b.V35 2006
100 _aVarley, Rosemary
245 _aRetail product management :
_bbuying and merchandising /
_cRosemary Varley
250 _a2nd ed.
260 _aLondon :
_bRoutledge,
_c2006.
300 _a263 p. :
_bill. ;
_c25 cm.
521 _aBSBA
650 _aRetail trade
_xManagement.
650 _aProduct management.
942 _cBK
_2lcc
_kFOR
999 _c22789
_d22789